000 00518nam a2200169 4500
001 120143
003 ES-MaACL
005 20230906191456.0
007 t|
008 070214s1956 sp r ||||1| spa d
100 0 _aPío
_bXII,
_cPapa.
_992302
245 1 0 _aRegalo al sacerdote
_b: Yo te elegí : Pío XII a sus predilectos /
_cpor Salvador Blanco Piñán.
260 _aMadrid :
_bFax,
_c1956.
300 _a387 p. ;
_c17 cm.
700 1 _aBlanco Piñán, Salvador.
_929279
852 _aES-MaACL
_jC-12125
_bR.39695
999 _c120143
_d120143